| 000 | 00429nam a2200169Ia 4500 | ||
|---|---|---|---|
| 005 | 20250508151853.0 | ||
| 008 | 008 250505s9999 xx 000 0 eng d | ||
| 037 | _aBooks to be hide in OPAC | ||
| 040 |
_aFEDL _beng _cFEDL |
||
| 041 |
_aeng _2eng |
||
| 084 | _qFEDL | ||
| 100 |
_aBradis B M _9760221 |
||
| 245 | 0 | _aFour figure logarithm tables for class 9th | |
| 300 | _a62p. | ||
| 942 | _cHB | ||
| 999 |
_c1332612 _d1332612 |
||